000 00930cam a2200289 a 4500
001 651440
003 PILC
005 20150907070548.0
008 940208r19941993nyu 000 1 eng
010 _a 94007058
020 _a0802115527 :
_c$21.00
040 _aDLC
_cDLC
_dDLC
_dOCoLC
050 0 0 _aPR 6066
_b.P252 1993
082 0 0 _a823/.914
100 1 _aParks, Tim.
245 1 0 _aShear /
_cTim Parks.
250 _a1st Grove Press ed., 1st ed.
260 _aNew York :
_bGrove Press,
_c1994.
300 _ax, 211 pages. ;
_c22 cm.
650 0 _aGeologists
_xFiction.
650 0 _aAdultery
_xFiction.
655 7 _aDetective and mystery stories.
_2gsafd
655 7 _aPsychological fiction.
_2lcsh
906 _a7
_bcbc
_corignew
_d1
_eocip
_f19
_gy-gencatlg
942 _2lcc
_cBK
999 _c288612
_d288612